| 000 | 00476nam a22001577a 4500 | ||
|---|---|---|---|
| 020 | _a812390276X | ||
| 082 |
_a624.151 _bSIN |
||
| 100 | _aSingh, Alam | ||
| 245 | _aSoil engineering in theory and practice - Volume 1 | ||
| 250 |
_a4th _bVol-1 |
||
| 260 |
_aNew Delhi: _bCBS Publishers; _c2002. |
||
| 504 | _aIncludes bibliographies. | ||
| 650 |
_aSoil mechanics. Soils. Civil engineering. _918427 |
||
| 942 |
_2ddc _cBK |
||
| 999 |
_c593699 _d593699 |
||